| 000 | 01131nam a22003377a 4500 | ||
|---|---|---|---|
| 001 | 000024761 | ||
| 003 | CHAP | ||
| 005 | 20220329134645.0 | ||
| 008 | 971013s1970 r 00010 d | ||
| 010 | _a23715 | ||
| 011 | _a24687 | ||
| 035 | _a28786 | ||
| 040 | _cCHAP | ||
| 090 | _aFolleto 1602 | ||
| 110 | 2 |
_aComisión Nacional Consultiva de Pesca. México _925759 |
|
| 245 | 1 | 0 | _aConsideraciones sobre la pesca mexicana. |
| 260 |
_aMéxico, D. F. : _b(s.e.), _c1970. |
||
| 300 |
_a12 p. : _b: ilus. |
||
| 490 | 1 |
_aComisión Nacional Consultiva de Pesca. México. Serie divulgación. Boletín _v; 2 |
|
| 590 |
_aBATCH-UPD _b10 _c20130110 _lUCH01 _h1549 |
||
| 590 |
_aBATCH-UPD _b10 _c20130410 _lUCH01 _h0948 |
||
| 590 |
_aBATCH-UPD _b10 _c20130914 _lUCH01 _h1908 |
||
| 590 |
_aCONVERSION _b10 _c20130109 _lUCH01 _h1314 |
||
| 590 |
_aE5995AHE _b05 _c20141121 _lUCH01 _h1323 |
||
| 650 | 1 | 4 |
_aPesca _xMéxico. _987403 |
| 830 | 0 |
_aComisión Nacional Consultiva de Pesca. México. Serie divulgación. Boletín _v; 2 _925760 |
|
| 901 | _aBK | ||
| 942 | _cFOLL | ||
| 942 | _n0 | ||
| 949 |
_aFolleto 1602 _bBC _cFOLL _d-66334 _eTS1 _i28786 _si |
||
| 999 |
_c23715 _d23715 |
||